000 01122cam a22003377a 4500
003 CHAP
005 20220817041421.0
008 971013s1985 r 00010 d
010 _a13840
011 _a14812
035 _a18886
040 _cCHAP
090 _aFolleto 9716
100 0 0 _aHeredia Zepeda, Adalberto.
_953722
245 0 _aGuía para cultivar jicama en el estado de Guanajuato
260 _aCelaya, Gto. :
_bINIA. Campo Agrícola Experimental El Bajío,
_c1985
300 _a11 p.
_b: ilus.
490 0 _aFolleto para productores
_v; 15
500 _ac. 4-5 en bodega
590 _aBATCH-UPD
_b10
_c20130110
_lUCH01
_h1511
590 _aBATCH-UPD
_b10
_c20130410
_lUCH01
_h0928
590 _aBATCH-UPD
_b10
_c20130914
_lUCH01
_h1423
590 _aCONVERSION
_b10
_c20130109
_lUCH01
_h1309
650 1 4 _aJícama.
_961910
830 0 _aFolleto para productores
_v; 15
901 _aBK
942 _cFOLL
949 _aFolleto 9716
_bBC
_cFOLL
_d-43862
_eTS1
_i18886
_mD
_si
949 _aFolleto 9716
_bBC
_cFOLL
_d-43863
_eTS2
_fc.2
_i18886
_mD
_si
949 _aFolleto 9716
_bBC
_cFOLL
_d-43864
_eTS2
_fc.3
_i18886
_mD
_sm
999 _c13840
_d13840